00266nam a22000857a 4500082001500000245011800015260001800133300000900151650002000160 a615.32 HER aInternational Symposium on Herbal Medicine,Phytopharmaceutical and other natural products: trends & Advances 2005 aColomboc2005 a74 p aHerbal medicine